Социология: Вводный курс; пер. с англ.

Bibliographische Detailangaben
1. Verfasser: Томпсон Дж. Л. Джейн Л.
Weitere Verfasser: Пристли Дж. Джудит (переводчик), Меньшиков А. К.
Sprache:Russisch
Veröffentlicht: Москва, АСТ, 1998
Schriftenreihe:Классики зарубежной психологии
Schlagworte:
Format: MixedMaterials Buch
KOHA link:https://koha.lib.tpu.ru/cgi-bin/koha/opac-detail.pl?biblionumber=12161

MARC

LEADER 00000nam0a2200000 4500
001 12161
005 20231101204820.0
010 |a 5237002900 
035 |a (RuTPU)RU\TPU\book\12237 
035 |a BOOK00012303 
090 |a 12161 
100 |a 20011209d1998 m y0rusy50 ca 
101 1 |a rus  |c eng 
102 |a RU 
105 |a y j 000zy 
200 1 |a Социология  |e Вводный курс  |e пер. с англ.  |f Дж. Л. Томпсон, Дж. Пристли  |g пер. А. К. Меньшиков 
210 |a Москва  |c АСТ  |d 1998 
215 |a 496 с. 
225 1 |a Классики зарубежной психологии 
606 1 |a Социология  |2 stltpush  |3 (RuTPU)RU\TPU\subj\67656  |9 83377 
610 1 |a социология 
610 1 |a учебные пособия 
610 1 |a общество 
686 |a С5я73  |v LBC/SL-A  |2 rubbk 
700 1 |a Томпсон  |b Дж. Л.  |g Джейн Л. 
701 1 |a Пристли  |b Дж.  |g Джудит 
702 1 |a Меньшиков  |b А. К.  |4 730 
801 0 |a RU  |b 63413507  |c 20011209  |g PSBO 
801 2 |a RU  |b 63413507  |c 20220408  |g PSBO 
900 |a Социология 
942 |c BK